Informatics / (Record no. 88267)

MARC details
000 -LEADER
fixed length control field 00624nam a22002057a 4500
005 - DATE AND TIME OF LATEST TRANSACTION
control field 20140904105153.0
010 ## - LCCN (DPL NO)
LC control number ENG-110716
020 ## - INTERNATIONAL STANDARD BOOK NUMBER
International Standard Book Number 9788120349889
Terms of availability 250.00
035 ## - SYSTEM CONTROL NUMBER
System control number EN-94248
037 ## - SOURCE OF ACQUISITION
Source of stock number/acquisition DBAD/PUB
082 ## - DEWEY DECIMAL CLASSIFICATION NUMBER
Classification number 005
100 ## - MAIN ENTRY--PERSONAL NAME
Personal name Nair,Vijayakumaran K.
245 ## - TITLE STATEMENT
Title Informatics /
Statement of responsibility, etc by Vijayakumaran Nair K. [and] Vinod Chandra S.S.
260 ## - PUBLICATION, DISTRIBUTION, ETC. (IMPRINT)
Place of publication, distribution, etc Delhi
Name of publisher, distributor, etc PHI Learning
Date of publication, distribution, etc 2014
270 ## - ADDRESS
Address Rimjhim House, 111, Patparganj Industrial Estate
City Delhi
Postal code 110092
300 ## - PHYSICAL DESCRIPTION
Extent x,230p. :
Dimensions 24cm(pbk)
Other physical details ill.
500 ## - GENERAL NOTE
General note Includes index
700 ## - ADDED ENTRY--PERSONAL NAME
Personal name Vinod Chandra S.S.
942 ## - ADDED ENTRY ELEMENTS (KOHA)
Source of classification or shelving scheme Dewey Decimal Classification
Item type English Books
Call number suffix NAI
Classification part 005
Holdings
Withdrawn status Lost status Not for loan Collection code Home library Current library Date acquired Source of acquisition Cost, normal purchase price Full call number Barcode Copy number Koha item type
    Not For Loan Non-fiction D.B.Act.Division D.B.Act.Division 03/09/2014 DBAD/PUB 250.00 005 NAI EN-94248 1 English Books

© Delhi Public Library
Hit Counter
free hit counter